Normal view
MARC view
Entry Personal Name
001 - CONTROL NUMBER
- control field: 10447
003 - CONTROL NUMBER IDENTIFIER
- control field: dpl
005 - DATE AND TIME OF LATEST TRANSACTION
- control field: 20100810162457.0
008 - FIXED-LENGTH DATA ELEMENTS
- fixed length control field: 100810|||a|||||| | ||| d
040 ## - CATALOGING SOURCE
- Original cataloging agency: dpl
- Transcribing agency: dpl
100 ## - HEADING--PERSONAL NAME
- Personal name: Gulati, Ashok
670 ## - SOURCE DATA FOUND
- Source citation: Work cat.: (dpl): 3724, Liberalizing foodgrains markets:, 2010
670 ## - SOURCE DATA FOUND
- Source citation: Work cat.: (dpl): 3724, Liberalizing foodgrains markets:, 2010
